El bucanero [juego] /

Guardado en:
Formato: Objeto Físico
Publicado: Argentina : Lugano toys, [200?]
Materias:
Etiquetas: Agregar Etiqueta
Sin Etiquetas, Sea el primero en etiquetar este registro!
LEADER 00752nrm a22001575g 4500
001 CEM.cems019281
008 130507b200?##################0###0#####d
005 20220830105819.0
003 CEMS
245 0 0 |a El bucanero [juego] /  |c Lugano Toys 
260 |a Argentina :  |b Lugano toys,  |c [200?] 
300 |a 1 juego (64 tarjetas de temas, 12 monedas de oro, 24 de plata, letras del alfabeto, block anotador) ; en caja 21 x 31 x 4 cm. + instrucciones. 
500 |a Para 3 a 6 jugadores o 2 a 4 equipos a partir de 6 años objetivo: formar las palabras que indican sus tarjetas con las letras del abecedario, quién acumule más puntos será el ganador. 
082 0 4 |a J793.734 
653 |a 1. juegos de palabras 
859 |a CEMS  |b BIB. CEMS - Ludoteca  |h J793.734  |i L957  |p 227.00  |t Ej.1